000 00677nam a22002177a 4500
003 OSt
005 20180226185116.0
008 140717b xxu||||| |||| 00| 0 eng d
020 _a0619033908
040 _cDLC
082 _a005.117 SAT 001
100 _aSatzinger, John W.; Tore U. Qrvick,
_9688
245 _aThe Object-Oriented Approach Concepts, System Development and Modeling wih UML
250 _a2nd ed.
260 _aCanada;
_bThomson Learning,
_c2001.
300 _axv, 209 p. :
_bill. ;
_c23 cm
504 _aIncludes Bibliographical references and Index
650 _aObject- oriented modeling.
_9689
650 _aSystem development
_912484
942 _2z
_cB_BANK
999 _c251
_d251